LIBRARY & INFORMATION CENTRE, KCAET, TAVANUR

ONLINE PUBLIC ACCESS CATALOGUE (OPAC)

Our co-operative education programme (Record no. 10972)

MARC details
000 -LEADER
fixed length control field 00609cam a2200145ua 4500
041 ## - LANGUAGE CODE
Language code of text/sound track or separate title eng
082 ## - DEWEY DECIMAL CLASSIFICATION NUMBER
Classification number 334.1
Item number MIN/OU
245 ## - TITLE STATEMENT
Title Our co-operative education programme
260 ## - PUBLICATION, DISTRIBUTION, ETC. (IMPRINT)
Place of publication :
Name of publisher Ministry of community development and co-operation ,
Year of publication 1962.
300 ## - PHYSICAL DESCRIPTION
Number of Pages 20 ; .
942 ## - ADDED ENTRY ELEMENTS (KOHA)
Koha item type Books
Holdings
Withdrawn status Lost status Damaged status Home library Current library Date acquired Full call number Accession Number Koha item type
Withdrawn     KAUAET Sanskrit University 07/04/2012 334.1 5866 Books
free website counter